Flagi miast województwa dolnośląskiego - Statystyki

Ogólne statystyki
  • Ten quiz został rozwiązany 70 razy
  • Średni wynik to 11 z 20
Statystyki odpowiedzi
Obrazkowy Odpowiedź % Poprawnych
Wrocław
94%
Jelenia Góra
85%
Wałbrzych
85%
Legnica
76%
Lubin
74%
Bolesławiec
72%
Głogów
61%
Kłodzko
61%
Oleśnica
61%
Oława
54%
Polkowice
48%
Dzierżoniów
46%
Kamienna Góra
39%
Milicz
39%
Środa Śląska
39%
Złotoryja
39%
Bielawa
33%
Brzeg Dolny
30%
Chojnów
30%
Kudowa Zdrój
30%
Nie znaleziono quizów pasujących do podanych kryteriów
Rozkład punktacji
Procent ludzi z każdym wynikiem
Percentyl według liczby udzielonych odpowiedzi
Twoja historia wyników
Nie rozwiązałeś tego quizu